000 00431nam a2200133Ia 4500
008 100328s9999 xx 000 0 und d
082 _b18680
100 _aढेरे रा.चि.-संपा.
245 _aहरिवरदा खंड 5वा
260 _bद.र.कोपर्डेकर
630 _aहरिवरदा खंड 5वा
730 _aहरिवरदा खंड 5वा
942 _cBOOK
999 _c513057
_d513054